NHL Players Who Have Won the Stanley Cup With Only One Team - Statistics

General Stats
  • This quiz has been taken 119 times
  • The average score is 16 of 20
Answer Stats
Hint Answer % Correct
Wayne Gretzky Edmonton Oilers
94%
Mario Lemieux Pittsburgh Penguins
91%
Martin Brodeur New Jersey Devils
90%
Teemu Selanne Anaheim Ducks
88%
Bobby Orr Boston Bruins
88%
Maurice Richard Montreal Canadiens
88%
Mike Modano Dallas Stars
84%
Mike Bossy New York Islanders
84%
Martin St. Louis Tampa Bay Lightning
84%
Duncan Keith Chicago Blackhawks
83%
Gordie Howe Detroit Red Wings
83%
Braden Holtby Washington Capitals
80%
Dustin Brown Los Angeles Kings
79%
Cam Ward Carolina Hurricanes
78%
Lanny McDonald Calgary Flames
76%
Brian Leetch New York Rangers
72%
Ray Bourque Colorado Avalanche
67%
Jay Bouwmeester St. Louis Blues
64%
Bobby Clarke Philadelphia Flyers
63%
Johnny Bower Toronto Maple Leafs
49%
No matching quizzes found
Score Distribution
Percent of People with Each Score
Percentile by Number Answered
Your Score History
You have not taken this quiz